书目信息 |
| 题名: |
人工智能时代的哲学思考
|
|
| 作者: | 陶德华 , 施和 主编 | |
| 分册: | ||
| 出版信息: | 南京 南京师范大学出版社 2024.06 |
|
| 页数: | 212页 | |
| 开本: | 24cm | |
| 丛书名: | ||
| 单 册: | ||
| 中图分类: | B2-49 | |
| 科图分类: | ||
| 主题词: | 哲学--中国--青少年读物 | |
| 电子资源: | ||
| ISBN: | 978-7-5651-6137-7 | |
| 000 | 01094nam0 2200253 450 | |
| 001 | 013101873 | |
| 005 | 20251022153247.05 | |
| 010 | @a978-7-5651-6137-7@dCNY40.00 | |
| 100 | @a20240829d2024 demy0chiy0120 ea | |
| 101 | 0 | @achi |
| 102 | @aCN@b320000 | |
| 105 | @aa z 000yy | |
| 106 | @ar | |
| 200 | 1 | @a人工智能时代的哲学思考@9ren gong zhi neng shi dai de zhe xue si kao@f陶德华,施和主编 |
| 210 | @a南京@c南京师范大学出版社@d2024.06 | |
| 215 | @a212页@c图@d24cm | |
| 300 | @a写给青少年的哲学书 | |
| 330 | @a本书共16讲,分为上下两。上篇首先从横向和纵向两个维度对人工智能这一技术及其应用进行了介绍;进一步地,从理性规范、知识理解和社会规范三个层面对人工智能的基本原理与应用进行阐述。下篇探讨人工智能衍生出的一系列哲学思考。讨论的是人工智能“内部”的哲学问题,侧重介绍人工智能推理能力的特点及其获得自我意识的可能;探讨的是人工智能技术与法律和法哲学、艺术、政治哲学的互动。 | |
| 606 | 0 | @a哲学@y中国@j青少年读物 |
| 690 | @aB2-49@v5 | |
| 701 | 0 | @a陶德华@9tao de hua@4主编 |
| 701 | 0 | @a施和@9shi he@4主编 |
| 801 | 0 | @aCN@c20250905 |
| 905 | @a河南城建学院图书馆@dB2-49@eT302@ZT302@f1 | |
| 人工智能时代的哲学思考/陶德华,施和主编.-南京:南京师范大学出版社,2024.06 |
| 212页:图;24cm |
| 写给青少年的哲学书 |
| ISBN 978-7-5651-6137-7:CNY40.00 |
| 本书共16讲,分为上下两。上篇首先从横向和纵向两个维度对人工智能这一技术及其应用进行了介绍;进一步地,从理性规范、知识理解和社会规范三个层面对人工智能的基本原理与应用进行阐述。下篇探讨人工智能衍生出的一系列哲学思考。讨论的是人工智能“内部”的哲学问题,侧重介绍人工智能推理能力的特点及其获得自我意识的可能;探讨的是人工智能技术与法律和法哲学、艺术、政治哲学的互动。 |
| ● |
| 相关链接 |
|
|
|
正题名:人工智能时代的哲学思考
索取号:B2-49/T302
 
预约/预借
| 序号 | 登录号 | 条形码 | 馆藏地/架位号 | 状态 | 备注 |
| 1 | 1631352 | 216313521 | 社科库509/509社科库 8排4列3层/ [索取号:B2-49/T302] | 在馆 |